[Event "Ì11Ï"]
[Site "Loo"]
[Date "2017.04.23"]
[Round "4.4"]
[White "Ìèõàéëåíêî, Íèêèòà."]
[Black "Êè÷èí, Àëåêñàíäð."]
[Result "1-0"]
[WhiteElo "1428"]
[BlackElo "1576"]
[PlyCount "120"]
[EventDate "2017.04.20"]

1. e4 c5 2. Nf3 e6 3. d4 cxd4 4. Nxd4 a6 5. Bd3 b5 6. a4 bxa4 7. Rxa4 Bb7 8.
O-O g6 9. Be3 Bg7 10. Nc3 d6 11. Qd2 Nd7 12. Nb3 Ngf6 13. Qe2 Qc8 14. Rfa1 Nb8
15. Nb5 Qd8 16. Na5 Bxe4 17. Bxe4 Nxe4 18. Bd4 Bxd4 19. Qxe4 axb5 20. Qxd4 O-O
21. R4a3 Rxa5 22. Rxa5 Nc6 23. Qc3 Nxa5 24. Rxa5 Qb6 25. Qb4 Rc8 26. c3 Rb8 27.
h3 Rb7 28. g3 Qc6 29. Qd4 Rb6 30. Qb4 Ra6 31. Qxb5 Qxb5 32. Rxb5 d5 33. b4 Rc6
34. Rb8+ Kg7 35. b5 Rxc3 36. b6 Rb3 37. b7 Kf6 38. Kg2 h5 39. h4 Ke7 40. f3
Rb2+ 41. Kf1 e5 42. Ke1 d4 43. Kd1 f5 44. Rh8 e4 45. b8=Q Rxb8 46. Rxb8 Kd6 47.
fxe4 fxe4 48. Rb6+ Kc5 49. Rxg6 d3 50. Rg5+ Kd4 51. Rxh5 e3 52. Rh8 Ke4 53. h5
Kf3 54. Rf8+ Ke4 55. Rf4+ Kd5 56. h6 e2+ 57. Kd2 Ke5 58. h7 e1=Q+ 59. Kxe1 d2+
60. Kxd2 Kd5 1-0

[Event "Ì11Ï"]
[Site "Loo"]
[Date "2017.04.23"]
[Round "4.5"]
[White "Êðèâîâ, Íèêèòà."]
[Black "Äîâáíÿ, Íèêèòà."]
[Result "1-0"]
[WhiteElo "1573"]
[BlackElo "1408"]
[PlyCount "181"]
[EventDate "2017.04.20"]

1. d4 g6 2. c4 Bg7 3. Nc3 c5 4. e3 Nf6 5. Nf3 O-O 6. Be2 cxd4 7. exd4 d6 8. O-O
a6 9. Bg5 Nbd7 10. Qc2 Qc7 11. b4 b6 12. Rac1 Bb7 13. Na4 e5 14. c5 bxc5 15.
bxc5 Be4 16. Qc3 exd4 17. Qxd4 dxc5 18. Nxc5 Nxc5 19. Bxf6 Bxf6 20. Qxf6 Nd7
21. Qh4 Qb7 22. Ng5 Nf6 23. Qf4 Qe7 24. Rc7 Qd8 25. Rd1 Bd5 26. h4 h6 27. Nf3
Kg7 28. Bc4 a5 29. Bxd5 Nxd5 30. Qe5+ Qf6 31. Qxd5 Rfd8 32. Rd7 Re8 33. Ne5
Rxe5 34. Qxa8 Re2 35. Qf3 Qxf3 36. gxf3 Rxa2 37. Ra7 Ra4 38. Kg2 Rxh4 39. Rxa5
g5 40. Rh1 Rf4 41. Ra6 f6 42. Kg3 Kg6 43. Re6 h5 44. Re4 Rf5 45. Rd1 h4+ 46.
Kg4 Ra5 47. Kh3 Ra3 48. Re3 Ra4 49. Rd6 Rf4 50. Rde6 Ra4 51. R6e4 Ra5 52. f4
Kf5 53. fxg5 fxg5 54. Rb4 Ra1 55. Rc3 Rg1 56. Kh2 Ra1 57. Rc5+ Kg6 58. Rg4 Ra2
59. Rcxg5+ Kf6 60. Rg2 Ra3 61. R5g4 h3 62. R2g3 Ra2 63. Rf4+ Ke5 64. Rff3 Ke4
65. Kxh3 Ra1 66. Kg4 Ra8 67. Re3+ Kd4 68. Kf5 Rf8+ 69. Ke6 Rxf2 70. Re5 Ra2 71.
Rg4+ Kd3 72. Kf5 Ra8 73. Kf4 Kd4 74. Kf5+ Kd3 75. Kg5 Rb8 76. Kh4 Rb1 77. Ra5
Rh1+ 78. Kg5 Rh8 79. Ra3+ Ke2 80. Rg2+ Kf1 81. Rb2 Rg8+ 82. Kf6 Re8 83. Ra1+
Re1 84. Rxe1+ Kxe1 85. Ke5 Kd1 86. Ke4 Ke1 87. Ke3 Kf1 88. Ra2 Kg1 89. Kf3 Kh1
90. Kg3 Kg1 91. Ra1# 1-0

[Event "Ì11Ï"]
[Site "Loo"]
[Date "2017.04.23"]
[Round "4.6"]
[White "Ä¸ìèíîâ, Èëüÿ."]
[Black "Îñèïåíêî, Èâàí."]
[Result "1-0"]
[WhiteElo "1554"]
[BlackElo "1390"]
[PlyCount "71"]
[EventDate "2017.04.20"]

1. e4 c5 2. Nf3 d6 3. Nc3 Nf6 4. d4 cxd4 5. Nxd4 g6 6. Be3 Bg7 7. f3 Nc6 8. Qd2
O-O 9. g4 Ne5 10. O-O-O Bd7 11. h4 b5 12. Be2 b4 13. Nd5 Nxd5 14. exd5 Qa5 15.
Kb1 Qxd5 16. Nf5 Qa5 17. Nxg7 Kxg7 18. Bh6+ Kg8 19. Bxf8 Rxf8 20. h5 g5 21.
Qxg5+ Kh8 22. Qxe7 Rc8 23. Qf6+ Kg8 24. h6 Kf8 25. Qxd6+ Ke8 26. Rd5 Qa4 27.
Rxe5+ Be6 28. Bb5+ Qxb5 29. Rxb5 Rd8 30. Rb8 Rxb8 31. Qxb8+ Ke7 32. g5 a5 33.
Rd1 Bd7 34. Qd6+ Ke8 35. Qxd7+ Kf8 36. Qd8# 1-0

[Event "Ì11Ï"]
[Site "Loo"]
[Date "2017.04.23"]
[Round "4.7"]
[White "Æåëàíîâ, Ñåìåí."]
[Black "Ëåâ÷åíêî, Ëåîíèä."]
[Result "1-0"]
[WhiteElo "1502"]
[BlackElo "1343"]
[PlyCount "63"]
[EventDate "2017.04.20"]

1. c4 c5 2. Nc3 Nc6 3. g3 g6 4. Bg2 Bg7 5. e3 e6 6. Nge2 Nge7 7. O-O O-O 8. d4
cxd4 9. exd4 d5 10. cxd5 exd5 11. Be3 Be6 12. Qd2 Nf5 13. Rfd1 Re8 14. Rac1
Nxe3 15. Qxe3 Bg4 16. Qd2 Bxe2 17. Nxe2 Rxe2 18. Qxe2 Nxd4 19. Qe3 Qa5 20. Rxd4
Bxd4 21. Qxd4 Rd8 22. a3 b5 23. Qc5 d4 24. Qc7 Qxc7 25. Rxc7 d3 26. Rc1 d2 27.
Rd1 a5 28. Kf1 b4 29. axb4 axb4 30. Ke2 b3 31. Rxd2 Rc8 32. Bd5 1-0

[Event "Ì11Ï"]
[Site "Loo"]
[Date "2017.04.23"]
[Round "4.8"]
[White "Ëåáçàê, ßðîñëàâ."]
[Black "Åôèìîâ, Ëåîíèä."]
[Result "1-0"]
[WhiteElo "1492"]
[BlackElo "1287"]
[PlyCount "121"]
[EventDate "2017.04.20"]

1. e4 c5 2. Nf3 d6 3. d4 cxd4 4. Nxd4 Nf6 5. Nc3 g6 6. Be3 Bg7 7. f3 O-O 8. Qd2
Nc6 9. g4 Nd7 10. O-O-O Nde5 11. Be2 Nxd4 12. Bxd4 Be6 13. h4 h6 14. g5 h5 15.
f4 Nc6 16. Bxg7 Kxg7 17. Rdf1 Qd7 18. Kb1 a6 19. Bd3 Bg4 20. f5 Ne5 21. f6+ Kh7
22. Nd5 e6 23. Nb6 Qc6 24. Nxa8 Rxa8 25. Be2 Qxe4 26. Bxg4 Nxg4 27. Qxd6 Ne3
28. Re1 Qxc2+ 29. Ka1 Nc4 30. Qh2 Qxh2 31. Rxh2 Rd8 32. b3 Na3 33. Kb2 Nb5 34.
a4 Nc7 35. Rc1 Nd5 36. Rd2 Rb8 37. Rdc2 Rd8 38. Rc8 Rd7 39. Rf8 Nc7 40. Rc8 Nd5
41. Re8 Nb4 42. Rcc8 Rd2+ 43. Kc3 Rc2+ 44. Kxb4 Rxc8 45. Rxc8 a5+ 46. Kc3 b5
47. Rc5 bxa4 48. bxa4 e5 49. Rxe5 Kg8 50. Rxa5 Kh7 51. Ra7 Kg8 52. Rxf7 Kxf7
53. a5 Ke6 54. a6 Kf5 55. f7 Kg4 56. f8=Q Kxh4 57. Qf2+ Kxg5 58. a7 h4 59. a8=Q
Kh5 60. Qh8+ Kg5 61. Qhxh4# 1-0

[Event "Ì11Ï"]
[Site "Loo"]
[Date "2017.04.23"]
[Round "4.10"]
[White "ßò÷åíêî, Ëåîíèä."]
[Black "Ðóäíûé, Èëüÿ."]
[Result "0-1"]
[WhiteElo "1233"]
[BlackElo "1465"]
[PlyCount "130"]
[EventDate "2017.04.20"]

1. e4 e6 2. d4 d5 3. Nc3 dxe4 4. Nxe4 Bd7 5. Nf3 Bc6 6. Bd3 Be7 7. c3 Nd7 8.
O-O Ngf6 9. Ng3 O-O 10. Re1 b5 11. Ne5 Nxe5 12. dxe5 Nd7 13. Qh5 g6 14. Qg4
Nxe5 15. Rxe5 Qxd3 16. Bh6 Rfd8 17. Nf1 f5 18. Qe2 Qxe2 19. Rxe2 Kf7 20. Rae1
Bd5 21. Ne3 Bxa2 22. b4 Bb3 23. Rb2 Bd5 24. f4 Be4 25. Nd1 Bf6 26. Bg5 Bxg5 27.
fxg5 Rd6 28. Nf2 Bb7 29. Ree2 Rad8 30. g3 Rd5 31. Ra2 a6 32. Kf1 e5 33. Rec2 e4
34. Ke2 R8d7 35. Rcb2 R5d6 36. Ke3 Ke6 37. Rd2 Rxd2 38. Rxd2 Rxd2 39. Kxd2 Kd5
40. Nd1 Ke5 41. Ke3 Kd5 42. Kd2 c5 43. Ne3+ Kd6 44. Ng2 cxb4 45. cxb4 Bd5 46.
h4 Bf7 47. Nf4 a5 48. bxa5 Kc5 49. a6 Kb6 50. Kc3 Kxa6 51. Kb4 Kb6 52. Ng2 Kc6
53. Ne3 Kd6 54. Kxb5 Ke5 55. Kc5 f4 56. Ng4+ Kf5 57. Nh6+ Ke6 58. Kd4 fxg3 59.
Ke3 Be8 60. Ng4 Kf5 61. Nh6+ Ke6 62. Ng4 Bc6 63. Ke2 Kf5 64. Ne3+ Kf4 65. Nc4
Bb5 0-1

[Event "Ì11Ï"]
[Site "Loo"]
[Date "2017.04.23"]
[Round "4.11"]
[White "Çåíêîâ, Ìàêñèì."]
[Black "Êî÷åòîâ, Âÿ÷åñëàâ."]
[Result "0-1"]
[WhiteElo "1408"]
[BlackElo "1561"]
[PlyCount "80"]
[EventDate "2017.04.20"]

1. e4 c5 2. Nc3 Nc6 3. g3 g6 4. Bg2 Bg7 5. f4 d6 6. Nf3 e6 7. d3 Nge7 8. Be3
Nd4 9. O-O O-O 10. Qd2 Rb8 11. Nd1 b5 12. c3 Nxf3+ 13. Bxf3 b4 14. d4 Ba6 15.
Re1 bxc3 16. bxc3 cxd4 17. cxd4 d5 18. e5 Nf5 19. Bf2 Qd7 20. Nc3 Rfc8 21. Rec1
Bc4 22. Bd1 Bf8 23. Ba4 Qd8 24. Rab1 Bb4 25. g4 Bxc3 26. Qxc3 Rxb1 27. Rxb1
Bxa2 28. Qb2 Bxb1 29. Qxb1 Ng7 30. Qe1 Qc7 31. Be3 Qc4 32. Bd1 Qd3 33. h3 Rb8
34. Kf2 Rb2+ 35. Be2 Qc2 36. Kf3 h5 37. Kf2 Ne8 38. Kf3 a5 39. Kf2 a4 40. Kf3
a3 0-1

[Event "Ì11Ï"]
[Site "Loo"]
[Date "2017.04.23"]
[Round "4.12"]
[White "Øîâêàíü, Òàðàñ."]
[Black "Áóíèí, Ñåðàôèì."]
[Result "0-1"]
[WhiteElo "1278"]
[BlackElo "1502"]
[PlyCount "112"]
[EventDate "2017.04.20"]

1. d4 Nf6 2. Nf3 e6 3. Bf4 d5 4. e3 c5 5. c3 Nc6 6. Bd3 c4 7. Be2 Bd6 8. Bg3
Bxg3 9. hxg3 Bd7 10. Nbd2 b5 11. b4 a5 12. a3 axb4 13. axb4 Ke7 14. O-O Qb6 15.
Qc2 Ra6 16. Ra2 Rha8 17. Rfa1 Rxa2 18. Rxa2 Ra6 19. Qb2 Qb7 20. Rxa6 Qxa6 21.
Nb1 Ne4 22. Nfd2 Nxd2 23. Nxd2 f6 24. Nb1 Qa4 25. Kf1 e5 26. Ke1 exd4 27. exd4
Bf5 28. Bd1 Qa7 29. Bc2 Qd7 30. Bxf5 Qxf5 31. Qe2+ Kf8 32. Na3 Na7 33. Nc2 Nc8
34. Ne3 Qb1+ 35. Qd1 Qb2 36. Qd2 Qb1+ 37. Qd1 Qe4 38. Qf3 Qxf3 39. gxf3 Nb6 40.
Nc2 Na8 41. Ke2 Nc7 42. Ke3 Kf7 43. f4 Ke6 44. g4 f5 45. f3 Ne8 46. Na3 Nd6 47.
Ke2 h6 48. Kf1 g6 49. Kg2 Kf6 50. Nb1 fxg4 51. fxg4 Ne4 52. Kf3 h5 53. gxh5
gxh5 54. Kg2 Kf5 55. Kh3 Kxf4 56. Kh4 Ke3 0-1

[Event "Ì11Ï"]
[Site "Loo"]
[Date "2017.04.23"]
[Round "4.13"]
[White "Ìåðöàëîâ, Ðîìàí."]
[Black "Ðû÷èõèí, Âëàäèñëàâ."]
[Result "0-1"]
[WhiteElo "1344"]
[BlackElo "1491"]
[PlyCount "56"]
[EventDate "2017.04.20"]

1. e4 c6 2. d4 d5 3. exd5 cxd5 4. c3 Nc6 5. Bb5 Nf6 6. h3 Bf5 7. Nf3 e6 8. Bg5
Be7 9. Ne5 Qb6 10. Qa4 Rc8 11. Qb3 O-O 12. Bxf6 Bxf6 13. Nd7 Qa5 14. Bxc6 bxc6
15. Nxf8 Rxf8 16. O-O Qc7 17. Nd2 e5 18. dxe5 Bxe5 19. Nf3 Bf6 20. Rfe1 Qf4 21.
Qb4 Be4 22. Re3 Bd8 23. Rd1 Bc7 24. g3 Qf5 25. g4 Qf4 26. Rde1 f5 27. gxf5 Qxf5
28. Nd4 Qxf2# 0-1

[Event "Ì11Ï"]
[Site "Loo"]
[Date "2017.04.23"]
[Round "4.14"]
[White "Æîñàí, ßííèñ."]
[Black "Íîâèêîâ, Äåíèñ."]
[Result "1-0"]
[WhiteElo "1487"]
[BlackElo "1393"]
[PlyCount "51"]
[EventDate "2017.04.20"]

1. e4 c5 2. Nf3 d6 3. d3 Nc6 4. Nbd2 g6 5. g3 Bg7 6. Bg2 e6 7. O-O Nge7 8. Re1
O-O 9. Nc4 Rb8 10. a4 d5 11. exd5 exd5 12. Bf4 Ra8 13. Nd6 h6 14. h4 Bxb2 15.
Rb1 Bc3 16. Re2 b6 17. Nxc8 Rxc8 18. Bxh6 Bg7 19. Qd2 Nf5 20. Bxg7 Nxg7 21. Bh3
Rc7 22. Qh6 f6 23. Qxg6 Kh8 24. Rbe1 Re7 25. h5 Rg8 26. Qh6# 1-0

[Event "Ì11Ï"]
[Site "Loo"]
[Date "2017.04.23"]
[Round "4.15"]
[White "Êðîòîâ, Äàìèàí."]
[Black "Ñâèðèäîâ, Ìàêñèì."]
[Result "0-1"]
[WhiteElo "1466"]
[BlackElo "1377"]
[PlyCount "78"]
[EventDate "2017.04.20"]

1. d4 d5 2. c4 e6 3. Nf3 Nf6 4. g3 Be7 5. Bg2 c6 6. O-O Nbd7 7. Nc3 O-O 8. Qd3
h6 9. e4 dxe4 10. Nxe4 Nxe4 11. Qxe4 Nf6 12. Qe2 Qc7 13. Rd1 Rd8 14. Bf4 Bd6
15. Bxd6 Qxd6 16. c5 Qc7 17. Rac1 Bd7 18. Ne5 Nd5 19. Nc4 Nf6 20. Rc3 Nd5 21.
Rb3 b5 22. Nd6 a6 23. Bf3 Bc8 24. Bh5 g6 25. Bf3 Bb7 26. Re1 Rd7 27. Bg4 Rad8
28. Bxe6 fxe6 29. Qxe6+ Kh7 30. Rf3 Re7 31. Rf7+ Rxf7 32. Nxf7 Bc8 33. Qe5 Qxf7
34. Qe2 Rd7 35. Qg4 Qf5 36. Qd1 Re7 37. Rf1 Qe4 38. h4 Qe2 39. Qb3 Bh3 0-1

[Event "Ì11Ï"]
[Site "Loo"]
[Date "2017.04.23"]
[Round "4.16"]
[White "Ðàêèòèí, Äàíèèë."]
[Black "Ãðèøèí, Ïåòð."]
[Result "1-0"]
[WhiteElo "1663"]
[BlackElo "1343"]
[PlyCount "137"]
[EventDate "2017.04.20"]

1. e4 e5 2. Nf3 Nf6 3. Nxe5 d6 4. Nf3 Nxe4 5. d4 d5 6. Be2 Bd6 7. O-O O-O 8.
Nc3 Nxc3 9. bxc3 c6 10. c4 Bf5 11. cxd5 cxd5 12. h3 Qc7 13. Bd3 Bxd3 14. Qxd3
Nd7 15. Be3 Rac8 16. Rfc1 b6 17. a3 Nf6 18. Nd2 Bf4 19. Bxf4 Qxf4 20. g3 Qd6
21. a4 Rfe8 22. a5 bxa5 23. Rxa5 Qe6 24. Kg2 Qe2 25. Ra3 Re7 26. Qxe2 Rxe2 27.
Rd3 Ne4 28. Nxe4 Rxe4 29. Kf3 g6 30. c3 Re7 31. Rb1 Rec7 32. Rb3 f6 33. Ke3 Kf7
34. Kd2 h6 35. Rb5 Ke6 36. Re3+ Kd6 37. Ra5 Rb7 38. Ra6+ Rb6 39. Rxa7 Rb2+ 40.
Ke1 Rb1+ 41. Ke2 Rb2+ 42. Kf3 Rb3 43. Ra6+ Rc6 44. Rxc6+ Kxc6 45. Re6+ Kd7 46.
Rxf6 Rxc3+ 47. Ke2 Rc6 48. Rxc6 Kxc6 49. Kd3 Kd6 50. f4 Ke6 51. g4 h5 52. Kc3
Kf6 53. Kb4 g5 54. f5 h4 55. Kc5 Ke7 56. Kxd5 Kd7 57. Ke5 Ke7 58. f6+ Kf7 59.
Kf5 Kf8 60. Kxg5 Kf7 61. Kf5 Kf8 62. g5 Kf7 63. g6+ Kg8 64. Ke6 Kf8 65. g7+ Kg8
66. Ke7 Kh7 67. Kf7 Kh6 68. g8=Q Kh5 69. Qg6# 1-0

[Event "Ì11Ï"]
[Site "Loo"]
[Date "2017.04.23"]
[Round "4.17"]
[White "Ñìîëèí, Àëåêñàíäð."]
[Black "Ìî÷àëîâ, Äìèòðèé."]
[Result "1-0"]
[WhiteElo "1361"]
[BlackElo "1657"]
[PlyCount "71"]
[EventDate "2017.04.20"]

1. e4 c5 2. Nf3 Nc6 3. d4 cxd4 4. Nxd4 g6 5. Nc3 Bg7 6. Be3 Nf6 7. f3 O-O 8. g4
Qb6 9. Rb1 Nxe4 10. fxe4 Bxd4 11. Nd5 Qa5+ 12. b4 Qxa2 13. Bxd4 Nxd4 14. Nxe7+
Kg7 15. Qxd4+ f6 16. Rc1 Qe6 17. Nxc8 Raxc8 18. g5 Qg4 19. Rg1 Qh4+ 20. Rg3
Qxh2 21. Qxd7+ Kg8 22. Rh3 Qxh3 23. Bxh3 Rce8 24. Qd5+ Kh8 25. gxf6 Rxf6 26.
Qd4 Kg7 27. Qd7+ Kf8 28. Qxb7 Rb6 29. Qd5 Kg7 30. Qd7+ Kf8 31. Kd2 Rxe4 32.
Rf1+ Rf4 33. Rxf4+ Rf6 34. Rxf6+ Kg8 35. Qf7+ Kh8 36. Qf8# 1-0

[Event "Ì11Ï"]
[Site "Loo"]
[Date "2017.04.23"]
[Round "4.18"]
[White "Êóçüìèíûõ, Íèêèòà."]
[Black "Ðåçâûé, Äìèòðèé."]
[Result "1-0"]
[WhiteElo "1585"]
[BlackElo "1360"]
[PlyCount "53"]
[EventDate "2017.04.20"]

1. e4 e6 2. d4 d5 3. Nd2 Nf6 4. e5 Nfd7 5. Bd3 c5 6. c3 Nc6 7. Ne2 Be7 8. O-O
O-O 9. f4 a6 10. Nf3 b5 11. Ng3 Qb6 12. Kh1 Kh8 13. Bb1 Bb7 14. Qd3 g6 15. f5
c4 16. Qc2 exf5 17. Nxf5 b4 18. Nxe7 Nxe7 19. Bh6 Rfc8 20. Ng5 Nf5 21. Rxf5 a5
22. Rxf7 b3 23. Rxh7+ Kg8 24. Rg7+ Kf8 25. Qf2+ Ke8 26. Qf7+ Kd8 27. Qxd7# 1-0

[Event "Ì11Ï"]
[Site "Loo"]
[Date "2017.04.23"]
[Round "4.19"]
[White "Ëûñîâ, Àðñåíèé."]
[Black "Ïîíîìàð¸â, Àíäðåé."]
[Result "0-1"]
[WhiteElo "1354"]
[BlackElo "1522"]
[PlyCount "66"]
[EventDate "2017.04.20"]

1. e4 e6 2. d4 d5 3. Nc3 Bb4 4. exd5 exd5 5. Bd3 Nc6 6. Be3 Nge7 7. Nge2 Nf5 8.
Bxf5 Bxf5 9. O-O Qd7 10. a3 Ba5 11. b4 Bb6 12. Nf4 Ne7 13. a4 c6 14. b5 Bc7 15.
Qd2 Ng6 16. Rfe1 O-O 17. Rac1 Rac8 18. Nxg6 Bxg6 19. Rb1 Ba5 20. b6 Bxb6 21.
Qd1 Ba5 22. Rb3 Qf5 23. Re2 Bh5 24. f3 Qg6 25. g4 f5 26. h3 fxg4 27. fxg4 Rf3
28. Bd2 Rcf8 29. Rg2 Qf7 30. Kh2 Bc7+ 31. Kh1 Rf1+ 32. Qxf1 Qxf1+ 33. Rg1 Qxh3#
0-1

[Event "Ì11Ï"]
[Site "Loo"]
[Date "2017.04.23"]
[Round "4.20"]
[White "Ìàòâååâ, Àíäðåé."]
[Black "Àíäðååâ, Êîíñòàíòèí."]
[Result "1-0"]
[WhiteElo "1512"]
[BlackElo "1355"]
[PlyCount "93"]
[EventDate "2017.04.20"]

1. e4 e5 2. Nf3 Nc6 3. Bc4 Bc5 4. c3 Nf6 5. d4 exd4 6. e5 d5 7. Bb5 Nd7 8. cxd4
Bb4+ 9. Nc3 a6 10. Ba4 Nb6 11. Bc2 Bg4 12. Qd3 Bh5 13. Bg5 Qd7 14. O-O Bg6 15.
Qe2 Bxc2 16. Qxc2 O-O 17. Rfe1 h6 18. Bh4 g5 19. Bg3 g4 20. Nh4 Nxd4 21. Qd2
Nf5 22. Nxf5 Qxf5 23. Qxh6 d4 24. Ne4 Nd5 25. Re2 d3 26. Re3 Be7 27. Ree1 Bb4
28. Re3 Be7 29. Ree1 Nb4 30. Bh4 Bxh4 31. Qxh4 Nc2 32. Nf6+ Kg7 33. Re4 Rfd8
34. Rxg4+ Kf8 35. Rg8+ Ke7 36. Nd5+ Kd7 37. Qe7+ Kc6 38. Qxc7+ Kxd5 39. Rxd8+
Rxd8 40. Qxd8+ Kxe5 41. Qa5+ b5 42. Qc7+ Kf6 43. Rd1 Qe6 44. Qc3+ Kg5 45. Rxd3
Qxa2 46. Rg3+ Kh6 47. Qh8# 1-0

[Event "Ì11Ï"]
[Site "Loo"]
[Date "2017.04.23"]
[Round "4.21"]
[White "Òðåôèëîâ, Âÿ÷åñëàâ."]
[Black "Áîëäûðåâ, Ãëåá."]
[Result "0-1"]
[WhiteElo "1346"]
[BlackElo "1500"]
[PlyCount "114"]
[EventDate "2017.04.20"]

1. d4 d5 2. c4 c6 3. cxd5 cxd5 4. Nc3 Nf6 5. Bf4 e6 6. e3 a6 7. Nf3 Nc6 8. a3
Be7 9. Bd3 O-O 10. O-O h6 11. Rc1 Bd7 12. Qe2 Rc8 13. b4 b5 14. Nd2 Qb6 15. Nb3
Rfe8 16. Nc5 Bxc5 17. dxc5 Qb7 18. Bg3 e5 19. e4 d4 20. Nd5 Nh7 21. Nb6 Rcd8
22. Bh4 Rb8 23. Nxd7 Qxd7 24. Qa2 Qe6 25. Qd5 Rb7 26. f4 Rd7 27. Qxe6 Rxe6 28.
f5 Re8 29. Rb1 Rb8 30. Rf3 Kf8 31. f6 g6 32. Be1 Rdd8 33. Bd2 h5 34. Bh6+ Ke8
35. Rbf1 Kd7 36. Bb1 Nf8 37. Bxf8 Rxf8 38. Ba2 Nd8 39. Rc1 Nc6 40. Bd5 Rbc8 41.
g4 hxg4 42. Rg3 a5 43. Bxc6+ Kxc6 44. bxa5 Ra8 45. Rxg4 Rxa5 46. Rg5 Re8 47.
Rg3 Re6 48. Rf3 Ra4 49. Kf2 Rc4 50. Rxc4 bxc4 51. Ke2 Kxc5 52. Kd2 Ra6 53. Kc2
d3+ 54. Kb2 Kd4 55. Rf1 Rb6+ 56. Kc1 c3 57. h4 d2+ 0-1

[Event "Ì11Ï"]
[Site "Loo"]
[Date "2017.04.23"]
[Round "4.22"]
[White "Õîòåíêî, Äàíèèë."]
[Black "Êîïûëîâ, Àðò¸ì."]
[Result "0-1"]
[WhiteElo "1351"]
[BlackElo "1481"]
[PlyCount "56"]
[EventDate "2017.04.20"]

1. e4 c5 2. Nf3 e6 3. d4 cxd4 4. Nxd4 Nf6 5. Nc3 d6 6. Bg5 Be7 7. f3 Nc6 8. Qd2
a6 9. O-O-O Qc7 10. Kb1 b5 11. Bxf6 Bxf6 12. Nxc6 Qxc6 13. Qxd6 Qxd6 14. Rxd6
Ke7 15. Rd3 Bd7 16. f4 g5 17. e5 Bg7 18. Rg3 h6 19. h4 f6 20. exf6+ Bxf6 21.
hxg5 hxg5 22. Rxh8 Rxh8 23. fxg5 Be5 24. Rh3 Bc6 25. Rh6 Rf8 26. Rh7+ Kd6 27.
Bd3 Rf2 28. Rh2 Bxh2 0-1

[Event "Ì11Ï"]
[Site "Loo"]
[Date "2017.04.23"]
[Round "4.23"]
[White "Ñâèðèäîâ, Ëåîí."]
[Black "Íàóìîâ, Àðòåì."]
[Result "0-1"]
[WhiteElo "1330"]
[BlackElo "1477"]
[PlyCount "96"]
[EventDate "2017.04.20"]

1. e4 c5 2. Nc3 e6 3. g3 Nf6 4. Bg2 Nc6 5. d3 g6 6. h3 Bg7 7. Nge2 a6 8. Be3 b6
9. Qd2 d5 10. exd5 exd5 11. d4 c4 12. O-O O-O 13. f4 Re8 14. g4 Be6 15. f5 Bc8
16. Bh6 Qe7 17. Bxg7 Kxg7 18. g5 Bxf5 19. gxf6+ Qxf6 20. Nxd5 Qd8 21. Qf4 Rxe2
22. Nc7 Rc8 23. Bxc6 Qxc7 24. Qxc7 Rxc7 25. d5 Rxc2 26. Rad1 Bd3 27. Rf3 Re2
28. Rdxd3 cxd3 29. Rxd3 Rc8 30. Kf1 Re5 31. d6 Rd8 32. d7 Rc5 33. Bf3 Rc7 34.
Rd6 Rcxd7 35. Rxb6 Rd6 36. Rb3 Rd3 37. Rxd3 Rxd3 38. Be2 Rd2 39. b4 Rxa2 40.
Kf2 Kf6 41. Kf3 Ke5 42. Bc4 Ra4 43. Bxf7 Rxb4 44. Bg8 h6 45. Bh7 g5 46. Bd3 Rb3
47. Ke2 Rxd3 48. Kxd3 Kf4 0-1

[Event "Ì11Ï"]
[Site "Loo"]
[Date "2017.04.23"]
[Round "4.24"]
[White "Ãàëèåâ, Ýðíåñò."]
[Black "Àááàñîâ, Àçèç."]
[Result "1-0"]
[WhiteElo "1324"]
[BlackElo "1471"]
[PlyCount "123"]
[EventDate "2017.04.20"]

1. d4 d5 2. c4 e6 3. Nf3 Nf6 4. g3 c6 5. Qc2 Be7 6. Bg2 h6 7. O-O O-O 8. Nbd2
Nbd7 9. b3 Re8 10. Bb2 Nf8 11. Ne5 N8d7 12. f4 Nxe5 13. fxe5 Nd7 14. e4 Nb6 15.
c5 Nd7 16. Rf2 b6 17. b4 Bg5 18. Qd3 Bb7 19. Qf3 Rf8 20. h4 Bxd2 21. Rxd2 b5
22. Rf1 a5 23. Rdf2 axb4 24. Bc1 Kh7 25. Qh5 f6 26. Bh3 Qe8 27. Qxe8 Raxe8 28.
exd5 cxd5 29. exf6 Rxf6 30. Bd2 Bc6 31. Bxb4 Rxf2 32. Rxf2 Nf6 33. Bg2 e5 34.
dxe5 Rxe5 35. Bc3 Re7 36. Bxf6 gxf6 37. Rxf6 Rc7 38. Rd6 Bb7 39. Bxd5 Bxd5 40.
Rxd5 Rg7 41. Kg2 Ra7 42. Rd2 Rc7 43. Rc2 Kg6 44. Kf3 Kf5 45. g4+ Ke5 46. Ke3
Kd5 47. Kd3 Rg7 48. c6 Rc7 49. g5 hxg5 50. hxg5 Ke5 51. g6 Kf6 52. Kd4 Kxg6 53.
Kc5 Kf7 54. Kd6 Ra7 55. c7 Ra6+ 56. Kd7 Ra7 57. Kd6 Ra8 58. c8=Q Rxc8 59. Rxc8
Kf6 60. Rb8 Kf5 61. Rxb5+ Ke4 62. a4 1-0

[Event "Ì11Ï"]
[Site "Loo"]
[Date "2017.04.23"]
[Round "4.25"]
[White "Øåðåìåòüåâ, Âëàäèñëàâ."]
[Black "Ñàïðûêèí, Àëåêñåé."]
[Result "0-1"]
[WhiteElo "1469"]
[BlackElo "1352"]
[PlyCount "120"]
[EventDate "2017.04.20"]

1. e4 c5 2. c3 Nf6 3. e5 Nd5 4. d4 cxd4 5. Qxd4 e6 6. Nf3 Nc6 7. Qe4 d6 8. Bb5
Bd7 9. c4 Nb6 10. exd6 Bxd6 11. O-O O-O 12. Be3 Rc8 13. c5 Qf6 14. cxd6 Qxb2
15. Bd3 f5 16. Bd4 fxe4 17. Bxb2 exf3 18. gxf3 Rxf3 19. Be2 Rf5 20. Nc3 Rg5+
21. Kh1 Nd4 22. Ne4 Bc6 23. Bxd4 Bxe4+ 24. f3 Bd5 25. Rac1 Rd8 26. Rc7 Bc6 27.
h4 Rg4 28. Kh2 Rxh4+ 29. Kg3 Rxd4 30. Ba6 R4xd6 31. Bxb7 Bxb7 32. Rxb7 R6d7 33.
Rxd7 Rxd7 34. Re1 Kf7 35. Kf4 Nd5+ 36. Ke5 Nb4 37. Re2 Nd3+ 38. Ke4 h5 39. f4
Kf6 40. Kf3 e5 41. fxe5+ Nxe5+ 42. Kg3 g5 43. Rf2+ Kg6 44. Re2 h4+ 45. Kg2 Re7
46. Rd2 Re6 47. Rc2 a6 48. Rc3 g4 49. Ra3 Kf5 50. Ra4 Nf3 51. Ra5+ Ne5 52. Ra4
h3+ 53. Kf1 g3 54. Ra5 h2 55. Kg2 Rh6 56. Kh1 g2+ 57. Kxg2 h1=Q+ 58. Kf2 Qf3+
59. Ke1 Rh1+ 60. Kd2 Qd3# 0-1

[Event "Ì11Ï"]
[Site "Loo"]
[Date "2017.04.23"]
[Round "4.26"]
[White "Ôàäååâ, Àëåêñåé."]
[Black "Ñòàðîáûêèí, Ôåäîð."]
[Result "1/2-1/2"]
[WhiteElo "1431"]
[BlackElo "1350"]
[PlyCount "114"]
[EventDate "2017.04.20"]

1. e4 e6 2. d3 d5 3. Nd2 c5 4. Ngf3 Nc6 5. g3 g6 6. Bg2 Bg7 7. O-O Nf6 8. Re1
O-O 9. e5 Nd7 10. Qe2 Ndxe5 11. Nxe5 Nxe5 12. f4 Nc6 13. Nf3 Bd7 14. c3 Qe7 15.
c4 dxc4 16. dxc4 Rad8 17. Ne5 Nd4 18. Qf2 Bc6 19. Nxc6 bxc6 20. Be3 Rd7 21.
Rad1 Rfd8 22. Kh1 Rd6 23. Bxd4 Bxd4 24. Qc2 Qb7 25. b3 Qb4 26. Qe2 a5 27. Rd3
Kg7 28. Red1 a4 29. h4 Ra8 30. h5 Qa3 31. Bf3 axb3 32. axb3 Qb4 33. g4 Ra6 34.
g5 Rd8 35. h6+ Kg8 36. Qe5 Kf8 37. Qc7 Qb6 38. Qxb6 Rxb6 39. R1d2 Ra8 40. Kg2
Ra3 41. Rd1 Ke7 42. Rb1 Ra2+ 43. Kg3 Kd6 44. b4 Kc7 45. b5 cxb5 46. cxb5 Rd6
47. Rdb3 Bf2+ 48. Kg4 Rd4 49. b6+ Kb8 50. Rd1 Rxd1 51. Bxd1 c4 52. Rc3 Bxb6 53.
Rxc4 Rd2 54. Bf3 Rd4 55. Rxd4 Bxd4 56. Bc6 Kc7 57. Be8 f6 1/2-1/2

[Event "Ì11Ï"]
[Site "Loo"]
[Date "2017.04.23"]
[Round "4.27"]
[White "Íèêîëàåâ, Àðòåìèé."]
[Black "Ñåïèàøâèëè, Èâàí."]
[Result "0-1"]
[WhiteElo "1324"]
[BlackElo "1431"]
[PlyCount "100"]
[EventDate "2017.04.20"]

1. c4 e6 2. Nc3 d5 3. d4 Nf6 4. Bg5 Be7 5. cxd5 exd5 6. e3 c6 7. Bd3 O-O 8. Nf3
Nbd7 9. O-O Ne4 10. Bxe7 Qxe7 11. Bxe4 dxe4 12. Nd2 Nf6 13. Re1 Re8 14. h3 Bf5
15. f3 exf3 16. Qxf3 Bg6 17. Nc4 Be4 18. Nxe4 Nxe4 19. Ne5 Nd6 20. b4 f6 21.
Ng4 Ne4 22. Nf2 Nxf2 23. Qxf2 Qxb4 24. Rab1 Qe7 25. Qb2 b6 26. Qc3 c5 27. Qc4+
Kf8 28. dxc5 Qxc5 29. Qxc5+ bxc5 30. Rb5 Rac8 31. Rb7 Re7 32. Rxe7 Kxe7 33. Kf2
Ke6 34. Ke2 c4 35. e4 Ke5 36. Kd2 Rd8+ 37. Kc3 Rd4 38. g4 Rxe4 39. Rxe4+ Kxe4
40. Kxc4 Kf4 41. a4 Kg3 42. Kb5 Kxh3 43. Ka6 Kxg4 44. Kxa7 h5 45. a5 h4 46. a6
h3 47. Kb8 h2 48. a7 h1=Q 49. a8=Q Qxa8+ 50. Kxa8 f5 0-1

[Event "Ì11Ï"]
[Site "Loo"]
[Date "2017.04.23"]
[Round "4.28"]
[White "Âàõòèí, Ïåòð."]
[Black "Ìàñòåðñêèõ, Áîãäàí."]
[Result "1/2-1/2"]
[WhiteElo "1428"]
[BlackElo "1344"]
[PlyCount "84"]
[EventDate "2017.04.20"]

1. c4 e6 2. Nc3 Nf6 3. g3 d5 4. cxd5 exd5 5. d4 c5 6. Nf3 Nc6 7. Bg2 Bg4 8. Be3
Be7 9. O-O O-O 10. Rc1 cxd4 11. Bxd4 Ne4 12. Be3 Nf6 13. Na4 Rc8 14. a3 b6 15.
Nd4 Nxd4 16. Rxc8 Nxe2+ 17. Qxe2 Qxc8 18. Qd2 Bh3 19. Rc1 Qd7 20. Nc3 Bxg2 21.
Kxg2 Qb7 22. Kg1 Rd8 23. Nb5 Bc5 24. Nd4 Re8 25. Re1 Qe7 26. Nc2 Qd7 27. b4
Bxe3 28. Rxe3 Rxe3 29. Qxe3 h6 30. Qd4 Qh3 31. Ne3 Qe6 32. Qd3 Qd6 33. Nf5 Qe6
34. Ne3 Qd6 35. Nc4 Qe6 36. Ne3 Qd6 37. Qf5 Qc6 38. Qd3 Qd6 39. Qf5 Qc6 40. Qd3
Qd6 41. Nf5 Qe6 42. Ne3 Qd6 1/2-1/2

[Event "Ì11Ï"]
[Site "Loo"]
[Date "2017.04.23"]
[Round "4.29"]
[White "Õîäüêî, Þðèé."]
[Black "Öûáåíîâ, Àðñëàí."]
[Result "1-0"]
[WhiteElo "1309"]
[BlackElo "1425"]
[PlyCount "75"]
[EventDate "2017.04.20"]

1. e4 c6 2. d4 d5 3. e5 c5 4. Nf3 Bg4 5. c3 Nc6 6. Bb5 e6 7. Qa4 Qc7 8. Nbd2 a6
9. Be2 Nge7 10. dxc5 Bxf3 11. Nxf3 Ng6 12. b4 Rc8 13. Nd4 Ngxe5 14. Bf4 Nf3+
15. gxf3 Qxf4 16. Bxa6 Qe5+ 17. Kf1 Qc7 18. Nxc6 bxc6 19. Bxc8 Qxc8 20. Qa7 g6
21. a4 Bg7 22. Rc1 O-O 23. b5 e5 24. Rg1 Qh3+ 25. Rg2 e4 26. fxe4 Qd3+ 27. Kg1
dxe4 28. Rg3 Qd2 29. Rf1 Be5 30. Qe7 Bxg3 31. hxg3 Qxc3 32. bxc6 Rc8 33. Rd1
Qf3 34. Rd8+ Kg7 35. Qf8+ Kf6 36. Rd6+ Kg5 37. Qxc8 f5 38. Qd8+ 1-0